Online
Catalog

Los métodos histórico-críticos en el nuevo testamento / (Record no. 19868)

MARC details
000 -CABECERA
campo de control de longitud fija 00742nam a2200205 u 4500
001 - NÚMERO DE CONTROL
campo de control 000020364
005 - FECHA Y HORA DE LA ÚLTIMA TRANSACCIÓN
campo de control 20200929170403.0
008 - DATOS DE LONGITUD FIJA--INFORMACIÓN GENERAL
campo de control de longitud fija 100813s1969 sp 000 0 spa d
040 ## - FUENTE DE LA CATALOGACIÓN
Centro catalogador/agencia de origen DO-SdBNP
Lengua de catalogación spa
Centro/agencia transcriptor BNPHU
082 ## - NÚMERO DE LA CLASIFICACIÓN DECIMAL DEWEY
Número de clasificación 226
Número de documento/Ítem Z73m
100 1# - ENTRADA PRINCIPAL--NOMBRE DE PERSONA
Nombre de persona Zimmermann, Heinrich.
9 (RLIN) 43028
240 10 - TÍTULO UNIFORME
Título uniforme Neutestamentliche methodenlehere.
Lenguaje de la obra Español
245 10 - MENCIÓN DE TÍTULO
Título Los métodos histórico-críticos en el nuevo testamento /
Mención de responsabilidad, etc. Heinrich Zimmermann.
260 ## - PUBLICACIÓN, DISTRIBUCIÓN, ETC.
Lugar de publicación, distribución, etc. Madrid :
Nombre del editor, distribuidor, etc. Editorial Católica,
Fecha de publicación, distribución, etc. 1969.
300 ## - DESCRIPCIÓN FÍSICA
Extensión xvi, 305, vi p. ;
Dimensiones 20 cm.
490 1# - MENCIÓN DE SERIE
Mención de serie Biblioteca de autores cristianos
Designación de volumen o secuencia 295
500 ## - NOTA GENERAL
Nota general Incluye bibliografía e índice.
650 #4 - PUNTO DE ACCESO ADICIONAL DE MATERIA--TÉRMINO DE MATERIA
Término de materia o nombre geográfico como elemento de entrada Biblia
Subdivisión general Crítica e interpretación
9 (RLIN) 15283
830 #0 - PUNTO DE ACCESO ADICIONAL DE SERIE-TÍTULO UNIFORME
Título uniforme Biblioteca de autores cristianos
Número de parte o sección de la obra 295
9 (RLIN) 43029
Holdings
Estado de retiro Estado de pérdida Restricciones de uso No para préstamo Código de colección Localización permanente Ubicación/localización actual Ubicación en estantería Fecha de adquisición Número de inventario Total de préstamos Signatura topográfica completa Código de barras Fecha visto por última vez Precio válido a partir de Tipo de ítem Koha
      Excluido de préstamo Monografías: Libros y Folletos General General Depósito 10.05.2017 LF1   226 Z73m 20364-10 25.06.2020 25.06.2020 No se presta

Powered by Koha